| 000 | 00528nam a22001817a 4500 | ||
|---|---|---|---|
| 003 | CEME | ||
| 005 | 20210628203205.0 | ||
| 008 | 210122b xxu||||| |||| 00| 0 eng d | ||
| 020 | _a978-0-195979756 | ||
| 040 | _c. | ||
| 082 | _a342.5491 HAM | ||
| 100 |
_aHamid Khan _99016 |
||
| 245 | _aConstitutional and political history of pakistan | ||
| 260 |
_aKARACHI _bOXFORD UNIVERSITY PRESS _c2005 |
||
| 300 | _aXVIII,522 P | ||
| 650 |
_aCONSTITUTIONAL HISTORY OF PAKISTAN.POLITICAL HISTORY OF PAKISTAN _963868 |
||
| 942 |
_cBK _2ddc |
||
| 999 |
_c572565 _d572565 |
||